banner-ar

الافات الحيوانية غير الحشرية وطرق مقاومتها / (Record no. 50880)

MARC details
000 -الفاتح
حقل البيانات ثابتة الطول 00649nam a2200193Ia 4500
008 - عناصر البيانات ثابتة الطول - معلومات عامة
حقل البيانات ثابتة الطول 140319s9999 xx 000 0 ara d
040 ## - مصدر الفهرسة
وكالة الفهرسة الأصلية GCL /
وكالة النسخ GCL
082 04 - رقم تصنيف ديوى العشرى
رقم التصنيف 632.6
رقم المادة خ ا
100 1# - المدخل الرئيسى - إسم شخصى
الإسم الشخصى خالد عبدالرازق حبيب
245 10 - بيان العنوان
العنوان الافات الحيوانية غير الحشرية وطرق مقاومتها /
بيان المسئوليه,etc خالد عبدالرازق حبيب
700 1# - المدخل الاضافى - اسم شخصى
الإسم الشخصى ابراهيم جدوع الجبورى
700 1# - المدخل الاضافى - اسم شخصى
الإسم الشخصى خولة طه النعيمى
260 ## - PUBLICATION, DISTRIBUTION, ETC. (IMPRINT)
تاريخ النشر أو التوزيع 1984
490 ## - بيان السلسلة
عنوان السلسلة
650 04 - المدخل الاضافى بالموضوع-مصطلح موضوعى
مصطلح موضوعي الزراعة
650 04 - المدخل الاضافى بالموضوع-مصطلح موضوعى
مصطلح موضوعي الافات الزراعية
942 ## - عناصر المدخل الإضافي( كوها)
مصدر التصنيف او مخطط الترفيف Dewey Decimal Classification
Koha [default] item type كتاب
260 ## - PUBLICATION, DISTRIBUTION, ETC. (IMPRINT)
-- [S.N] :
-- جامعة الموصل ،
Holdings
حالة التراجع حالة الفقد حالة تلف ليس للاعارة المكان المؤقت الموقع الحالى تاريخ الاكتساب اجمالي اﻻعارات رقم الطلب الباركود تاريخ اخر مشاهدة تاريخ تفعيل السعر نوع وعاء كوها
        مكتبة القاهرة الكبرى مكتبة القاهرة الكبرى 03/26/2014   632.6\خ ا 122028 03/26/2014 03/26/2014 كتاب

Powered By

EGPV